Le règne des rois de France - Statistiques

Statistiques générales
  • Ce quiz a été pris 46 fois
  • Le résultat moyen est 33 sur 74
Statistiques - réponses
ROIS REGNE % Correct
François Ier 1515-1547
76%
Henri IV 1589-1610
76%
Louis XIII 1610-1643
76%
Louis XIV (le Roi-Soleil) 1643-1715
76%
Napoléon Ier 1804-1815
76%
Henri II 1547-1559
74%
François II 1559-1560
74%
Charles IX 1560-1574
74%
Henri III 1574-1589
74%
Louis XV 1715-1774
74%
Louis XVI 1774-1792
74%
Louis XVIII 1815-1824
71%
Charles X 1824-1830
71%
Louis-Philippe Ier 1830-1848
71%
Napoléon III 1852-1870
71%
Hugues Capet 987-996
65%
Louis XII 1498-1515
62%
Charles VIII l’Affable 1483-1498
59%
Robert II le Pieux 996-1031
59%
Louis IX (Saint Louis) 1226-1270
56%
Henri Ier 1031-1060
53%
Jean Ier le Posthume 1316
53%
Philippe V le Long 1316-1322
53%
Charles IV le Bel 1322-1328
53%
Louis XI 1461-1483
53%
Charlemagne 768-814
53%
Louis Ier le Pieux 814-840
53%
Philippe Ier 1060-1108
50%
Philippe II Auguste 1180-1223
50%
Louis VIII le Lion 1223-1226
50%
Louis X le Hutin 1314-1316
50%
Charles VII le Victorieux 1422-1461
50%
Louis VI le Gros 1108-1137
47%
Philippe III le Hardi 1270-1285
47%
Philippe IV le Bel 1285-1314
47%
Philippe VI 1328-1350
47%
Jean II le Bon 1350-1364
47%
Charles V le Sage 1364-1380
47%
Charles VI le Bien-Aimé / le Fou 1380-1422
47%
Clovis Ier 481-511
47%
Louis VII le Jeune 1137-1180
44%
Pépin le Bref 751-768
44%
Louis V 986-987
44%
Charles II le Chauve 843-877
35%
Eudes 888-898
35%
Charles III le Simple 898-922
35%
Robert Ier 922-923
35%
Raoul 923-936
35%
Louis IV d’Outremer 936-954
35%
Lothaire 954-986
35%
Louis II le Bègue 877-879
32%
Dagobert Ier 629-639
29%
Louis III 879-882
29%
Childéric III 743-751
26%
Clotaire II 613-629
24%
Thierry IV 721-737
24%
Carloman II 879-884
24%
Charles III le Gros 885-887
24%
Childéric II 673-675
21%
Thierry III 675-691
21%
Dagobert II 711-715
21%
Chilpéric II 715-721
21%
Sigebert Ier 561-575
18%
Childebert II 575-596
18%
Thierry II 596-613
18%
Clovis II 639-657
18%
Clotaire III 657-673
18%
Clovis III 691-695
18%
Childebert III 695-711
18%
Clotaire Ier 511-561
15%
Caribert Ier 561-567
12%
Chilpéric Ier 561-584
12%
Gontran 561-592
12%
Théodebert II 596-612
9%
Aucun quiz correspondant
Distribution des résultats
% des personnes avec chaque résultat
Percentile par nombre de réponses
Votre historique - résultats
Vous n’avez pas pris ce quiz